USMLE Step 2 CS (Record no. 292)

000 -LEADER
fixed length control field 00764nam a22002657a 4500
003 - CONTROL NUMBER IDENTIFIER
control field OSt
005 - DATE AND TIME OF LATEST TRANSACTION
control field 20210419072407.0
008 - FIXED-LENGTH DATA ELEMENTS--GENERAL INFORMATION
fixed length control field 201120s2016 ||||| |||| 00| 0 eng d
020 ## - INTERNATIONAL STANDARD BOOK NUMBER
International Standard Book Number 9781506208329
040 ## - CATALOGING SOURCE
Original cataloging agency eng
Transcribing agency DLC
041 ## - LANGUAGE CODE
Language code of text/sound track or separate title eng
080 ## - UNIVERSAL DECIMAL CLASSIFICATION NUMBER
Universal Decimal Classification number 61
Item number K-20
100 ## - MAIN ENTRY--PERSONAL NAME
9 (RLIN) 5
Personal name Milan, Felise
Relator term Editor
245 ## - TITLE STATEMENT
Title USMLE Step 2 CS
Remainder of title : Complex Cases, Challenging Cases for Advanced Study
Statement of responsibility, etc. / by: Kaplan Medical
250 ## - EDITION STATEMENT
Edition statement 4th edition
260 ## - PUBLICATION, DISTRIBUTION, ETC.
Place of publication, distribution, etc. New York
Name of publisher, distributor, etc. Kaplan Medical
Date of publication, distribution, etc. 2016
300 ## - PHYSICAL DESCRIPTION
Extent 215 p.
365 ## - TRADE PRICE
Price amount 44.99 usd
650 #0 - SUBJECT ADDED ENTRY--TOPICAL TERM
9 (RLIN) 69
Topical term or geographic name entry element Medicine
650 #0 - SUBJECT ADDED ENTRY--TOPICAL TERM
9 (RLIN) 88
Topical term or geographic name entry element Clinical Medicine
650 #0 - SUBJECT ADDED ENTRY--TOPICAL TERM
9 (RLIN) 87
Topical term or geographic name entry element USMLE Step 2 CS
653 ## - INDEX TERM--UNCONTROLLED
Uncontrolled term მედიცინა
653 ## - INDEX TERM--UNCONTROLLED
Uncontrolled term კლინიკური მედიცინა
942 ## - ADDED ENTRY ELEMENTS (KOHA)
Source of classification or shelving scheme
Koha item type Books
Edition 4
Holdings
Withdrawn status Lost status Source of classification or shelving scheme Damaged status Not for loan Permanent location Current location Date acquired Inventory number Total Checkouts Full call number Barcode Date last seen Price effective from Koha item type
          Ken Walker International University Ken Walker International University 11/20/2020 950   61 K-20 950 11/20/2020 11/20/2020 Books
          Ken Walker International University Ken Walker International University 11/20/2020 951   61 K-20 951 11/20/2020 11/20/2020 Books
          Ken Walker International University Ken Walker International University 01/10/2023 88   61 K-20 88 01/10/2023 01/10/2023 Books

Powered by Koha